Basic academic writing: a reference guide/

Сохранить в:
Библиографические подробности
Главный автор: Shumbusho, G. N.
Формат:
Опубликовано: Mzumbe, Morogoro: Research, and publication department, c2003
Редактирование:2nd ed.
Предметы:
Метки: Добавить метку
Нет меток, Требуется 1-ая метка записи!

MARC

LEADER 00000nam a22000007a 4500
005 20260419102325.0
020 |a 9987617085  |c TZS 10,000/= 
040 |a MCCL  |b eng.  |e AACR 2nd rev. ed. 
082 |a 411 SHU 
100 |a Shumbusho, G. N. 
245 |a Basic academic writing:  |b a reference guide/  |c G. N. Shumbusho 
250 |a 2nd ed. 
260 |a Mzumbe, Morogoro:  |b Research, and publication department,  |c c2003 
300 |a iii,70 p.:  |b ill.;  |c 21 cm. 
504 |a includes bibliographic references 
546 |a eng. 
650 |a Academic writing 
942 |c BK 
999 |c 12700  |d 12700